Trouve le disney ou pixar #5 - Statistiques

Statistiques générales
  • Ce quiz a été pris 413 fois
  • Le résultat moyen est 7 sur 10
Statistiques - réponses
Hint Indices Réponse % Correct
9 Cuisine, rat Ratatouille
98%
2 Jungle,panthère, serpent Le livre de la jungle
97%
5 Lions, savane Le roi lion
97%
8 Hawaï, petite fille, bleu Lilo et Stitch
89%
6 Fourmis, insectes 1001 Pattes
84%
10 Jeux vidéos, médaille Les mondes de Ralph
67%
7 Dinosaure, maladroit Le voyage d'Arlo
58%
3 Crèche, université, jouet toy story 3
58%
4 Souris, orpheline Bernard et bianca
55%
1 Bébé, nouvelle Angleterre La belle et le clochard
18%
Aucun quiz correspondant
Distribution des résultats
% des personnes avec chaque résultat
Percentile par nombre de réponses
Votre historique - résultats
Vous n’avez pas pris ce quiz